| 000 | 01646nam a2200397Ia 4500 | ||
|---|---|---|---|
| 001 | ebr10135392 | ||
| 003 | CaPaEBR | ||
| 006 | m u | ||
| 007 | cr cn||||||||| | ||
| 008 | 050511s2005 nyua sb 001 0 eng d | ||
| 010 | _z 2005049191 | ||
| 020 | _z140398106X | ||
| 020 | _z1403968756 (alk. paper) | ||
| 040 |
_aCaPaEBR _cCaPaEBR |
||
| 035 | _a(OCoLC)560535356 | ||
| 050 | 1 | 4 |
_aPR658.H58 _bW35 2005eb |
| 082 | 0 | 4 |
_a822/.309353 _222 |
| 100 | 1 | _aWalen, Denise A. | |
| 245 | 1 | 0 |
_aConstructions of female homoeroticism in early modern drama _h[electronic resource] / _cDenise A. Walen. |
| 250 | _a1st ed. | ||
| 260 |
_aNew York : _bPalgrave Macmillan, _c2005. |
||
| 300 |
_ax, 230 p. : _bill. |
||
| 490 | 1 | _aEarly modern cultural studies | |
| 504 | _aIncludes bibliographical references (p. [201]-219) and index. | ||
| 533 |
_aElectronic reproduction. _bPalo Alto, Calif. : _cebrary, _d2009. _nAvailable via World Wide Web. _nAccess may be limited to ebrary affiliated libraries. |
||
| 650 | 0 |
_aEnglish drama _yEarly modern and Elizabethan, 1500-1600 _xHistory and criticism. |
|
| 650 | 0 |
_aHomosexuality and literature _zEngland _xHistory _y16th century. |
|
| 650 | 0 |
_aHomosexuality and literature _zEngland _xHistory _y17th century. |
|
| 650 | 0 |
_aEnglish drama _y17th century _xHistory and criticism. |
|
| 650 | 0 | _aLesbians in literature. | |
| 650 | 0 | _aWomen in literature. | |
| 655 | 7 |
_aElectronic books. _2local |
|
| 710 | 2 | _aebrary, Inc. | |
| 830 | 0 | _aEarly modern cultural studies. | |
| 856 | 4 | 0 |
_uhttp://site.ebrary.com/lib/rucke/Doc?id=10135392 _zAn electronic book accessible through the World Wide Web; click to view |
| 999 |
_c85047 _d85047 |
||